Statistics for The "Fours" of Chinese Literature and Culture

Click here to take the quiz!

General Stats

  • This quiz has been taken 49 times
  • The average score is 9 of 22

Answer Stats

Four Books and Five Classicals 四書五經% Correct
Gunpowder
83%
Journey to the West
83%
Papermaking
79%
Compass
66%
Dream of the Red Chamber
64%
Romance of Three Kingdoms
62%
Printing
60%
Water Margin
60%
Analects
40%
Book of Changes (I-Ching)
38%
Classic of Poetry
36%
Mencius
28%
Great Learning
26%
The Plum in the Golden Vase
26%
Doctrine of the Mean
23%
Spring and Autumn Annals
23%
Book of Rites
21%
Book of Documents
17%
Romance of the West Chamber
15%
The Peony Pavilion
15%
The Peach Blossom Fan
4%
The Palace of Eternal Life
2%

Score Distribution

Percentile by Number Answered

Percent of People with Each Score

Your Score History

You have not taken this quiz